Producción de fructosa via enzimática.

Sparad:
Bibliografiska uppgifter
Huvudupphovsman: Chacón Araya, Ana Rita
Materialtyp: Bok
Publicerad: San José, Costa Rica 1994
Ämnen:
Taggar: Lägg till en tagg
Inga taggar, Lägg till första taggen!

MARC

LEADER 00000nam a2200000Ia 4500
003 007631
005 20221231144256.0
008 140114s1994 cr a m 000 ||s d
040 |c cru CEDI 
090 |a TFG 3252 
100 |a Chacón Araya, Ana Rita  |9 10907 
245 |a Producción de fructosa via enzimática. 
260 |c 1994  |a San José, Costa Rica 
300 |a 148 hojas : ilustraciones.  
500 |a  Proyecto de graduación (licenciatura en ingeniería química)--Universidad de Costa Rica. Facultad de Ingeniería. Escuela de Ingeniería Química 
650 |x PRODUCCION  |x FRUCTUOSA  |9 10908 
942 |c TFG 
999 |c 19461  |d 19461